00555nam a2200181Ia 4500008004100000020002200041041000800063082001300071100001500084245003400099260004000133300001400173365000800187650001400195700001500209999002100224952012800245260330s1993 xx 000 0 und d a978-0-140-36901-0 aeng a920bLAR aLALA, R.M. aBEYOND THE LAST BLUE MOUNTAIN aPunebPENGUIN BOOKS LTD. PUNEc1993 a402pgbPB cRs. aBiography aLALA, R.M. c1218207d1218207 00104070aAKSbAKSd2026-01-21eBMSGB, Puneg449.10l0o920/LARpAKS-C-04687r2026-03-30 00:00:00v449.10w2026-03-30yBK